Object versus pixel based spectral characterization of supraglacial debris in the antarctic environment using worldview-2 satellite imagery (Record no. 5755)

MARC details
000 -LEADER
fixed length control field 00643nam a22001817a 4500
003 - CONTROL NUMBER IDENTIFIER
control field OSt
005 - DATE AND TIME OF LATEST TRANSACTION
control field 20220107122830.0
008 - FIXED-LENGTH DATA ELEMENTS--GENERAL INFORMATION
fixed length control field 170731b xxu||||| |||| 00| 0 eng d
040 ## - CATALOGING SOURCE
Transcribing agency IIITMK
100 ## - MAIN ENTRY--PERSONAL NAME
Personal name Anirudh, T S (92315002)
9 (RLIN) 12423
245 ## - TITLE STATEMENT
Title Object versus pixel based spectral characterization of supraglacial debris in the antarctic environment using worldview-2 satellite imagery
300 ## - PHYSICAL DESCRIPTION
Extent MSC GIS - Main Project
502 ## - DISSERTATION NOTE
Degree type MSC GIS
Name of granting institution 2015-2017
Year degree granted EXT
-- Mr Shridhar D Jawak<br/>Project Sc B , Polar science group
650 ## - SUBJECT ADDED ENTRY--TOPICAL TERM
Topical term or geographic name entry element SUPRAGLACIAL DEBRIS
9 (RLIN) 12424
650 ## - SUBJECT ADDED ENTRY--TOPICAL TERM
Topical term or geographic name entry element SATELLITE
9 (RLIN) 12425
650 ## - SUBJECT ADDED ENTRY--TOPICAL TERM
Topical term or geographic name entry element MAPPING
9 (RLIN) 12426
942 ## - ADDED ENTRY ELEMENTS (KOHA)
Source of classification or shelving scheme Dewey Decimal Classification
Koha item type
Holdings
Withdrawn status Lost status Source of classification or shelving scheme Damaged status Not for loan Collection code Home library Current library Shelving location Date acquired Total Checkouts Barcode Date last seen Price effective from Koha item type
    Dewey Decimal Classification     Non Fiction IIITM-K Kerala University of Digital Sciences, Innovation and Technology Knowledge Centre   31/07/2017   R-1286 31/07/2017 31/07/2017 Project Reports